000 00509nam a2200157 a 4500
008 120416s1988 ||||||||||||||||| || u
020 _a058201493X
050 _aTK 7870 Sey
100 _aSeymour, John
245 1 0 _aElectronic devices & components
250 _a2nd ed.
260 _aLondon
_bLongman
_c1988
300 _aviii, 575p. : ill
350 _a0.00
995 _D0.00
_FCBU-MAIN LIBRARY (Kitwe)
_H1
_I14.95
_UDAMAGED
_ZMain Library Open Access Collection
999 _c41539
_d41539